LEADER 00824nam a2200181 i 4500 001 000000253384 003 CaOOAMICUS 005 20170321000000.0 008 170321s1714 xx u000 u fre u 013 $a232289 026 $ae-r- Etea erur d'pr (3) 1714 (R) 040 $aSeMil$bita 245 10$aTome 3. 300 $a662 p. 773 0 $tLettres du cardinal d'Ossat, avec des notes historiques & politiques de Mr. Amelot de la Houssaie ... divisée en cinq tomes.$bNouvelle edition corrigée sur le manuscrit original, considerablement augmentée & enrichie de nouvelles notes de M. Amelot de la Houssaie, ...$dA Amsterdam : Chez Pierre Humbert, 1714.$g3$w()14905 850 $aSeMil 852 $aSeMil$W1$xVenegono$y1$m3S I 93 FA$j203730$B203730$CSeMilBibl$Z2$F217106 $8I 996 $6245$aTome 3$9(OLS)http://semarc/title/1575 LEADER 00652nas a2200157 i 4500 001 000000028208 003 CaOOAMICUS 005 20180830125448.0 008 180830n it u0 ita u 040 $aSeMil$bita 245 10$aCollezione dei codici tascabili. 260 $aTorino :$bUnione Tipografico-Editrice,$c[187-?] 300 $av. ;$c16 cm. 774 0 $tCodice del diritto pubblico ecclesiastico del Regno d'Italia.$dTorino : Unione Tipografico-Editrice, 1887-1891.$g16-18bis$w()28207 996 $6245$aCollezione dei codici tascabili$9(OLS)http://semarc/title/38271 996 $6260$aTorino :$bUnione Tipografico-Editrice$9(OLS)http://semarc/publisher/30119